Statistiques concernant Culture Générale - Série 1072

Cliquez ici pour prendre le quiz!

Statistiques générales

  • Ce quiz a été pris 43 fois
  • Le résultat moyen est 6 sur 10

Statistiques - réponses

Question Réponse % Correct
Comment appelle-t-on le fruit du chêne ?gland
90%
En 1984, quelle chanteuse a connu le succès avec le tube "Like A Virgin" ?Madonna
85%
Complétez le titre d'un film avec Jean Rochefort, Claude Brasseur, Guy Bedos et Victor Lanoux : "Un éléphant,...ça trompe énormément
83%
Combien de degrés a un angle plat ?180
83%
Qui a écrit le "Journal" d'Anne Frank ?Anne Frank
80%
À quelle famille d'instruments de musique appartiennent le bongo et le triangle ?percussions
65%
Quel gaz, composant principal de l'atmosphère, a pour symbole chimique "N" ?azote
63%
Quel acteur incarne le jeune policier David Mills dans “Seven” ?Brad Pitt
58%
Quel acteur incarne le policier Eliot Ness dans la série télévisée “Les Incorruptibles”, créée en 1959 ?Robert Stack
8%
Quel nom désignant un véhicule est un homonyme du récipient cylindrique dans lequel les peintres en bâtiment mélangent les couleurs ?camion
5%

Distribution des résultats

Percentile par nombre de réponses

% des personnes avec chaque résultat

Votre développement - résultats

Vous n’avez pas pris ce quiz